000 00420nam a22001697a 4500
003 MPLRDC
005 20220104200333.0
008 210129b ||||| |||| 00| 0 eng d
082 _a176.4 SYWX
100 _a狩野未希 MIKI KANO
245 _a向哈佛菁英学思考
_c陈娴若 译
250 _a初版
260 _a台湾
_b如果出版
_c2014
300 _b
650 _a思维
942 _cBK
_o176.4 SYWX
999 _c66647
_d66637